000 00732nam a2200229 i 4500
001 C2-0137604
003 PPAK
005 20180727124305.0
008 971215s xx |||| ||||| | eng d
040 _aPPAK
_beng
_cPPAK
_erda
082 0 4 _a959.5112
_223
090 0 0 _a959.5112
_bSHA
_dKK
100 0 _aSharom Ahmat,
_eauthor
245 1 4 _aThe Kedah Sultanate (1842 - 1923) :
_ba case for the study of State histories
264 1 _a[place of publication not identified] :
_b[publisher not identified] ,
_c[date of publication not identified]
300 _a[7 pages] ;
_c21 cm
336 _2rdacontent
_atext
337 _2rdamedia
_aunmediated
338 _2rdacarrier
_avolume
650 1 0 _aKedah - History.
942 _ddc
_cB
999 _c43015
_d43015